00832cam a2200253 a 4500001000500000005001700005020001800022040002300040050002300063082000800086100002600094245008800120260003800208300004700246490003600293505000800329520008600337521002000423521001900443650003700462650002200499650002200521700003500543328520240223113707.0 a9780142302019 aDLCcDLCdDLCbeng00aPZ7.T369453b 200000a2461 aThomas, Shelley Moore10aGood night, Good Knight /cby Thomas, Sheeley Moore ; pictures by Plecas, Jennifer  aNew York :bPenguin Group, c2000 a47 pages :bcolor illustrations ; c24 cm. aPenguin young readers vLevel 2 aG  aA Good Knight helps three little dragons who are having trouble getting to sleep. a410 bLexile  aG bRaz-Plus  1aKnights and knighthoodvFiction. 1aDragonsvFiction. 1aBedtimevFiction.1 aPlecas, Jennifereillustrator